[Event "Championnat de France - Open A"]
[Site "Pau"]
[Date "2008.08.13"]
[Round "2.7"]
[White "Buscara, Sevan"]
[Black "Smith, Matthieu"]
[Result "1-0"]
[WhiteElo "2159"]
[BlackElo "2064"]
[PlyCount "61"]

1. d4 d5 2. Nf3 Nf6 3. c4 e6 4. cxd5 exd5 5. Bg5 Nbd7 6. Nc3 c6 7. e3 Qa5 8.
Nd2 Bb4 9. Qc2 O-O 10. Bd3 h6 11. Bh4 Re8 12. O-O Be7 13. Nf3 Qd8 14. Bg3 Nf8
15. Ne5 Be6 16. h3 N6d7 17. f4 f6 18. Nf3 Rc8 19. Bh4 Bf7 20. g4 g5 21. fxg5
fxg5 22. Bg3 Bf6 23. e4 Be7 24. exd5 cxd5 25. Ne5 Nxe5 26. Bxe5 Bd6 27. Bh7+
Nxh7 28. Rxf7 Nf8 29. Rg7+ Kh8 30. Rh7+ Kg8 31. Rh8+ 1-0

[Event "Championnat de France - Open A"]
[Site "Pau"]
[Date "2008.08.13"]
[Round "2.8"]
[White "Dionisi, Thomas"]
[Black "Gaubil, Olivier"]
[Result "1-0"]
[WhiteElo "2067"]
[BlackElo "2154"]
[PlyCount "69"]

1. e4 e6 2. d4 d5 3. exd5 exd5 4. Bd3 Bd6 5. Qf3 Nf6 6. h3 Nc6 7. c3 Qe7+ 8.
Ne2 Ne4 9. Bf4 Bxf4 10. Qxf4 O-O 11. O-O Qd6 12. Bxe4 dxe4 13. Qxe4 f5 14. Qf4
Qe7 15. Re1 g5 16. Qe3 Qg7 17. f4 Bd7 18. Nd2 Rae8 19. Qg3 h6 20. Nf3 Ne7 21.
h4 g4 22. Ne5 Nd5 23. c4 Nf6 24. Nc3 Be6 25. Qd3 c6 26. g3 Re7 27. Re3 Rd8 28.
Rae1 Rd6 29. c5 Rd5 30. Nxd5 Nxd5 31. Nxc6 bxc6 32. Rxe6 Rd7 33. Re8+ Kf7 34.
Qxf5+ Nf6 35. Qxd7+ 1-0

[Event "Championnat de France - Open A"]
[Site "Pau"]
[Date "2008.08.13"]
[Round "2.9"]
[White "Ider, Borya"]
[Black "Derieux, Christian"]
[Result "0-1"]
[WhiteElo "2065"]
[BlackElo "2149"]
[PlyCount "68"]

1. d4 Nf6 2. Nf3 c5 3. d5 e6 4. Nc3 exd5 5. Nxd5 Nxd5 6. Qxd5 Be7 7. e4 Nc6 8.
Bc4 O-O 9. Bf4 Nb4 10. Qd2 b5 11. Bd5 Nxd5 12. Qxd5 Qa5+ 13. c3 Qb6 14. Ne5 Bb7
15. Nxd7 Qa6 16. Qh5 Rfd8 17. Ne5 Qf6 18. Qf3 Bd6 19. Nd3 Bxe4 20. Qxe4 Re8 21.
Be5 Bxe5 22. O-O-O Bxc3 23. Qb7 Bd4 24. Rhe1 c4 25. Rxe8+ Rxe8 26. Qxb5 Rc8 27.
Nb4 Bxb2+ 28. Kb1 Bd4 29. Qb7 Qf5+ 30. Kc1 Bxf2 31. Nd5 Bh4 32. Rd4 Bg5+ 33.
Kb2 c3+ 34. Ka3 c2 0-1

[Event "Championnat de France - Open A"]
[Site "Pau"]
[Date "2008.08.13"]
[Round "2.10"]
[White "David, Frederic"]
[Black "Renaudin, Mathieu"]
[Result "1-0"]
[WhiteElo "2054"]
[BlackElo "2146"]
[PlyCount "75"]

1. e4 e6 2. d4 d5 3. e5 c5 4. c3 Nc6 5. Nf3 Qb6 6. Be2 f6 7. O-O fxe5 8. dxe5
g6 9. Bd3 Bg7 10. Re1 Nge7 11. Nbd2 O-O 12. c4 Qc7 13. Qe2 b6 14. a3 Nf5 15.
Nb3 Bd7 16. Bg5 Rae8 17. Rad1 a5 18. Na1 Ncd4 19. Nxd4 Nxd4 20. Qe3 dxc4 21.
Bxc4 Bc6 22. Rd2 Qb7 23. f4 h6 24. Bh4 Qf7 25. Bg3 h5 26. Rf1 Bh6 27. Nc2 Nf5
28. Qb3 b5 29. Bxb5 Rb8 30. a4 h4 31. Be1 Bd5 32. Qc3 Qa7 33. Bf2 Bxf4 34. Rxd5
Rxb5 35. axb5 exd5 36. Bxc5 Bxe5 37. Bxa7 d4 38. Qc7 1-0

[Event "Championnat de France - Open A"]
[Site "Pau"]
[Date "2008.08.13"]
[Round "2.11"]
[White "Bourdeaud'Huy, Thomas"]
[Black "Milesi, Laurent"]
[Result "1/2-1/2"]
[WhiteElo "2052"]
[BlackElo "2145"]
[PlyCount "43"]

1. e4 b6 2. d4 Bb7 3. Nc3 e6 4. a3 Nf6 5. Bd3 c5 6. Nf3 cxd4 7. Nxd4 Bc5 8. Be3
a6 9. Qe2 Qc7 10. f3 d6 11. Na4 Nbd7 12. c4 O-O 13. O-O Rfe8 14. b4 Bxd4 15.
Bxd4 d5 16. cxd5 exd5 17. Rac1 Qd6 18. Qf2 dxe4 19. fxe4 Bxe4 20. Bxe4 Rxe4 21.
Nxb6 Nxb6 22. Bxb6 1/2-1/2

[Event "Championnat de France - Open A"]
[Site "Pau"]
[Date "2008.08.13"]
[Round "2.12"]
[White "Migot, Tanguy"]
[Black "Jeanjean, Dominique"]
[Result "1-0"]
[WhiteElo "2050"]
[BlackElo "2140"]
[PlyCount "77"]

1. e4 e5 2. Nf3 Nc6 3. Bb5 f5 4. Nc3 fxe4 5. Nxe4 Nf6 6. Nxf6+ Qxf6 7. Qe2 Be7
8. Bxc6 dxc6 9. Nxe5 O-O 10. O-O Bf5 11. d4 Bd6 12. c3 c5 13. f4 cxd4 14. cxd4
Rae8 15. Be3 Be6 16. b3 Bd5 17. Rae1 Qf5 18. h3 c6 19. Bc1 h5 20. g4 Qc8 21.
Qd1 Rf6 22. f5 c5 23. Bg5 cxd4 24. Bxf6 gxf6 25. Nc4 Bc5 26. Qd3 Rxe1 27. Rxe1
Qc7 28. Nd2 hxg4 29. Ne4 Qe5 30. hxg4 Bd6 31. Re2 Kg7 32. Nxd6 Qxd6 33. Qxd4
Qg3+ 34. Kf1 Qh3+ 35. Ke1 Qh4+ 36. Kd2 Qg5+ 37. Kc2 Bc6 38. Re7+ Kh6 39. Rf7
1-0

[Event "Championnat de France - Open A"]
[Site "Pau"]
[Date "2008.08.13"]
[Round "2.13"]
[White "Laurent, Maxime"]
[Black "Leitner, Walter"]
[Result "1/2-1/2"]
[WhiteElo "2033"]
[BlackElo "2126"]
[PlyCount "100"]

1. Nf3 d5 2. g3 c6 3. Bg2 Bg4 4. O-O Nd7 5. c4 e6 6. d3 Ngf6 7. Nbd2 Be7 8. Qc2
O-O 9. Rb1 a5 10. b3 b5 11. Bb2 Rc8 12. Rfe1 Bc5 13. Rbd1 Qb6 14. d4 Bb4 15. c5
Qc7 16. Bc3 Bf5 17. Qb2 Bxc3 18. Qxc3 h6 19. Rc1 Rfe8 20. Ne5 b4 21. Qb2 Bh7
22. Ndf3 Nf8 23. Nd2 N6d7 24. Nxd7 Nxd7 25. e4 dxe4 26. Bxe4 Nf6 27. Bxh7+ Kxh7
28. Ne4 Red8 29. Nd6 Rxd6 30. cxd6 Qxd6 31. Qc2+ Kg8 32. Qc5 Qc7 33. Qe5 Qb6
34. Qc5 Qc7 35. f4 g6 36. Qe5 Qd8 37. Qc5 Nd5 38. Rc2 Qf6 39. Re5 Qd8 40. Re1
h5 41. Re5 Kg7 42. Qa7 Qc7 43. Qxc7 Rxc7 44. Rc5 Ra7 45. Rxc6 a4 46. Rc4 axb3
47. axb3 Ra1+ 48. Kg2 Ra2+ 49. Kf1 Ra1+ 50. Kg2 Ra2+ 1/2-1/2

[Event "Championnat de France - Open A"]
[Site "Pau"]
[Date "2008.08.13"]
[Round "2.14"]
[White "Gretry, Patrice"]
[Black "Jaulin, Marc"]
[Result "1/2-1/2"]
[WhiteElo "2029"]
[BlackElo "2124"]
[PlyCount "112"]

1. e4 c5 2. Nf3 d6 3. d4 cxd4 4. Nxd4 Nf6 5. Nc3 g6 6. Be3 Bg7 7. f3 Nc6 8. Qd2
O-O 9. O-O-O d5 10. exd5 Nxd5 11. Nxc6 bxc6 12. Nxd5 cxd5 13. Qxd5 Qc7 14. Qc5
Qb7 15. c3 Rb8 16. Qa3 Bf5 17. Bd3 Rfc8 18. Bxf5 gxf5 19. Rd3 a5 20. Rhd1 a4
21. R1d2 e6 22. Kd1 Qb5 23. Qe7 Rf8 24. Ke1 Qe5 25. Qg5 a3 26. b3 Qxh2 27. Kf2
h6 28. Qg3 Qxg3+ 29. Kxg3 Rbe8 30. Rc2 e5 31. Bc1 e4 32. fxe4 fxe4 33. Re3 f5
34. Kh3 Ra8 35. Rg3 f4 36. Rg4 e3 37. g3 Rae8 38. Bxa3 f3 39. Bxf8 Rxf8 40. Re4
f2 41. Rc1 f1=Q+ 42. Rxf1 Rxf1 43. Rxe3 Kf7 44. c4 Bd4 45. Rd3 Bc5 46. Rd5 Ba3
47. Ra5 Bf8 48. c5 Ke6 49. b4 Kd5 50. Kg4 Rb1 51. a3 Bg7 52. Ra6 Be5 53. Rxh6
Rb3 54. Ra6 Rxg3+ 55. Kf5 Rf3+ 56. Kg4 Rg3+ 1/2-1/2

[Event "Championnat de France - Open A"]
[Site "Pau"]
[Date "2008.08.13"]
[Round "2.15"]
[White "Venner, Laurent"]
[Black "Ferry, Roger"]
[Result "1-0"]
[WhiteElo "2029"]
[BlackElo "2120"]
[PlyCount "81"]

1. d4 d5 2. Nf3 Nf6 3. Bf4 c5 4. c3 Qb6 5. Qb3 c4 6. Qc2 Nc6 7. Nbd2 Bg4 8. e4
e6 9. Be2 Be7 10. O-O Bh5 11. exd5 exd5 12. Rfe1 Bg6 13. Qc1 O-O 14. Nh4 Nh5
15. Nxg6 fxg6 16. Be3 Qd8 17. Nf3 Bd6 18. g3 Qd7 19. Nh4 Nf6 20. Qd1 Ne7 21.
Ng2 Nf5 22. Bf4 Bxf4 23. Nxf4 g5 24. Ng2 Ne4 25. Bf3 Nfd6 26. Bg4 Nf5 27. f3
Ned6 28. Re5 Qf7 29. Qd2 h6 30. Ne3 g6 31. Nxd5 Ng7 32. Rae1 h5 33. Be6 Nxe6
34. Rxe6 Qxf3 35. Rxd6 Rad8 36. Ne7+ Kh7 37. Rxd8 Rxd8 38. Qxg5 Qf7 39. Nxg6
Rd5 40. Ne5 Qe8 41. Rf1 1-0

[Event "Championnat de France - Open A"]
[Site "Pau"]
[Date "2008.08.13"]
[Round "2.16"]
[White "Denous, Cyprien"]
[Black "Ralle, Pierre"]
[Result "1-0"]
[WhiteElo "2028"]
[BlackElo "2113"]
[PlyCount "139"]

1. e4 e6 2. d4 d5 3. e5 c5 4. c3 Qb6 5. Nf3 Bd7 6. a3 Bb5 7. Bxb5+ Qxb5 8. a4
Qd7 9. O-O Nc6 10. Be3 cxd4 11. Bxd4 Nge7 12. Na3 Ng6 13. Re1 Bxa3 14. Rxa3 O-O
15. Bc5 Rfc8 16. Bd6 Na5 17. Nd2 Nc4 18. Nxc4 Rxc4 19. g3 Rac8 20. Qb3 Qc6 21.
Qb5 f6 22. Qxc6 R4xc6 23. f4 Nh8 24. Rb3 b6 25. Ba3 f5 26. Rd1 Nf7 27. Kf2 Nd8
28. Ke3 Nb7 29. Bb4 Kf7 30. h3 Rc4 31. Rd4 Nd8 32. Rxc4 Rxc4 33. a5 Rc6 34.
axb6 Rxb6 35. Ra3 Nc6 36. Kd3 Rb7 37. Kc2 Nxb4+ 38. cxb4 Ke7 39. Ra6 h6 40. Kc3
g5 41. Rc6 gxf4 42. gxf4 Kf7 43. b3 Ke7 44. Rc8 d4+ 45. Kxd4 Rxb4+ 46. Kc5 a5
47. Rc7+ Kf8 48. Kd6 Rxb3 49. Kxe6 Rb6+ 50. Kxf5 Ra6 51. e6 a4 52. Kf6 Ra8 53.
Rg7 Ra6 54. Rh7 Kg8 55. Rxh6 a3 56. Rg6+ Kf8 57. Rg1 a2 58. Ra1 Kg8 59. h4 Ra7
60. h5 Ra8 61. f5 Rf8+ 62. Kg6 Ra8 63. f6 Ra3 64. e7 Rg3+ 65. Kf5 Kf7 66. Rxa2
Rf3+ 67. Kg5 Rg3+ 68. Kf4 Rg8 69. Re2 Re8 70. Kf5 1-0

[Event "Championnat de France - Open A"]
[Site "Pau"]
[Date "2008.08.13"]
[Round "2.17"]
[White "Grandadam, Nicolas"]
[Black "Petitjean, Pierre"]
[Result "1-0"]
[WhiteElo "2112"]
[BlackElo "2025"]
[PlyCount "77"]

1. d4 g6 2. c4 Bg7 3. e4 d6 4. Nc3 Nf6 5. Be2 O-O 6. Nf3 e5 7. O-O Nc6 8. d5
Ne7 9. Ne1 Nd7 10. f3 f5 11. g4 fxg4 12. fxg4 Rxf1+ 13. Kxf1 Nf8 14. Nd3 g5 15.
Bxg5 h6 16. Be3 Neg6 17. Ke1 Qh4+ 18. Kd2 Nh7 19. Qe1 Qe7 20. Qg3 Nf4 21. Nxf4
exf4 22. Bxf4 Ng5 23. Bxg5 hxg5 24. Bd3 Bd7 25. Rf1 Be5 26. Qg2 Kg7 27. h3 c6
28. Ne2 Bxb2 29. Ng3 cxd5 30. exd5 Qe5 31. Nh5+ Kh8 32. Qe4 Qh2+ 33. Qe2 Qxh3
34. Rf7 Qxg4 35. Rh7+ Kg8 36. Qe7 Qg2+ 37. Be2 Bc1+ 38. Kxc1 Qg1+ 39. Bd1 1-0

[Event "Championnat de France - Open A"]
[Site "Pau"]
[Date "2008.08.13"]
[Round "2.18"]
[White "Robert, Bastien"]
[Black "Velten, Paul"]
[Result "1/2-1/2"]
[WhiteElo "2018"]
[BlackElo "2112"]
[PlyCount "87"]

1. d4 d5 2. c4 e6 3. Nf3 Nf6 4. g3 b6 5. Bg2 Bb7 6. O-O Be7 7. Nbd2 O-O 8. b3
Nbd7 9. Bb2 Ne4 10. Qc2 Nxd2 11. Nxd2 Bb4 12. Rac1 Bxd2 13. Qxd2 Nf6 14. Qf4
Rc8 15. Rc2 Qd7 16. Rfc1 c6 17. f3 Rfd8 18. e4 a5 19. Bh3 Ba6 20. cxd5 cxd5 21.
Rc7 Qe8 22. e5 Nd7 23. Ba3 Rxc7 24. Rxc7 Rc8 25. Qc1 Nb8 26. Bd6 Nc6 27. Qc3 b5
28. Qc5 Rxc7 29. Bxc7 Qa8 30. a3 Qb7 31. Bb6 a4 32. b4 Nxb4 33. axb4 a3 34. Bc7
a2 35. Qc3 Qxc7 36. Qxc7 a1=Q+ 37. Kg2 h5 38. Qb6 Kh7 39. Qa7 Kg6 40. f4 Qb2+
41. Kg1 Qc1+ 42. Kf2 Qd2+ 43. Kg1 Qe1+ 44. Kg2 1/2-1/2

[Event "Championnat de France - Open A"]
[Site "Pau"]
[Date "2008.08.13"]
[Round "2.19"]
[White "Moucheroud, Jeremy"]
[Black "Chamaillard, Sylvain"]
[Result "0-1"]
[WhiteElo "2012"]
[BlackElo "2109"]
[PlyCount "65"]

1. e4 c5 2. Nf3 Nf6 3. Nc3 d5 4. exd5 Nxd5 5. Bc4 Nxc3 6. bxc3 e6 7. O-O Be7 8.
d4 O-O 9. Qe2 Nc6 10. Rd1 Qc7 11. Bd3 Rd8 12. Ng5 h6 13. Nf3 cxd4 14. cxd4 Nxd4
15. Nxd4 Rxd4 16. Bh7+ Kxh7 17. Rxd4 Bf6 18. Rc4 Qe7 19. Rb1 g6 20. Qf3 e5 21.
Ba3 Qe6 22. Qb3 Qa6 23. Ra4 Qe6 24. Qxe6 Bxe6 25. Rxb7 Rc8 26. Ra6 Kg8 27.
Raxa7 Rxc2 28. Rb8+ Kg7 29. Bf8+ Kh7 30. h3 e4 31. Ra4 Rc1+ 32. Kh2 Be5+ 33. g3
0-1

[Event "Championnat de France - Open A"]
[Site "Pau"]
[Date "2008.08.13"]
[Round "2.20"]
[White "Vuillermoz, Robert"]
[Black "Forgues, Valerie"]
[Result "1-0"]
[WhiteElo "2105"]
[BlackElo "1999"]
[PlyCount "49"]

1. e4 e5 2. Nc3 Nc6 3. g3 Nf6 4. Bg2 Bc5 5. d3 d6 6. Na4 Bb6 7. Nxb6 axb6 8. f4
exf4 9. Bxf4 O-O 10. Ne2 Re8 11. O-O h6 12. Nc3 Ne7 13. Bxh6 Ng4 14. Bd2 c6 15.
d4 b5 16. h3 Nf6 17. Qf3 Rf8 18. a3 Bd7 19. Rad1 Ne8 20. e5 Ng6 21. Ne4 dxe5
22. Bb4 Ne7 23. dxe5 Nc7 24. Ng5 f6 25. e6 1-0

[Event "Championnat de France - Open A"]
[Site "Pau"]
[Date "2008.08.13"]
[Round "2.21"]
[White "Allorant, Adrien"]
[Black "Gozzoli, Cyrille"]
[Result "1-0"]
[WhiteElo "2011"]
[BlackElo "2104"]
[PlyCount "57"]

1. d4 Nf6 2. c4 c6 3. Nc3 d5 4. Nf3 a6 5. c5 Bf5 6. Qb3 Ra7 7. Bf4 Nbd7 8. h3
g6 9. e3 Bg7 10. Be2 O-O 11. O-O Ne4 12. g4 Be6 13. Qc2 Nxc3 14. Qxc3 f6 15. b4
Bf7 16. Rfd1 e5 17. Bg3 Qe7 18. Bf1 Be6 19. Bg2 Raa8 20. a4 Rf7 21. Rab1 e4 22.
Ne1 f5 23. gxf5 Rxf5 24. b5 Rh5 25. bxc6 bxc6 26. Rb7 Qf6 27. Rc7 Bf5 28. Rb1
Nf8 29. Be5 1-0

[Event "Championnat de France - Open A"]
[Site "Pau"]
[Date "2008.08.13"]
[Round "2.22"]
[White "Lachique, Francois"]
[Black "Millon, Valentin"]
[Result "0-1"]
[WhiteElo "2104"]
[BlackElo "1991"]
[PlyCount "118"]

1. d4 Nf6 2. c4 e6 3. Nf3 Bb4+ 4. Bd2 Bxd2+ 5. Qxd2 d6 6. Nc3 O-O 7. g3 b6 8.
Bg2 Bb7 9. O-O Nbd7 10. d5 e5 11. Ne1 Qe7 12. e4 Ne8 13. Nd3 g6 14. f4 exf4 15.
gxf4 Ng7 16. Rae1 Rae8 17. Kh1 Qh4 18. Rf3 f5 19. e5 dxe5 20. fxe5 Nh5 21. b3
f4 22. Kg1 Re7 23. Nb5 a6 24. Nxc7 Nxe5 25. Nxe5 Rxc7 26. Rh3 Qg5 27. d6 Rd8
28. Rd3 Rc5 29. Kf1 Bxg2+ 30. Qxg2 Rxe5 31. Qxg5 Rxg5 32. d7 Kf7 33. Rd6 Nf6
34. Rxb6 Rxd7 35. Rxa6 Ng4 36. Re2 Rd1+ 37. Kg2 Ne5+ 38. Kf2 f3 39. Rxe5 Rxe5
40. Kxf3 Rd2 41. b4 Rd4 42. a4 Rxc4 43. b5 Rb4 44. b6 Kf6 45. a5 Rc5 46. b7+
Kg5 47. Ra7 Rc3+ 48. Ke2 Rc2+ 49. Kd3 Rxh2 50. a6 Rhb2 51. Ra8 Rxb7 52. axb7
Rxb7 53. Ke3 Rf7 54. Ra4 h5 55. Ra1 h4 56. Rb1 Kh5 57. Ke2 g5 58. Rb8 Kg4 59.
Rh8 Kg3 0-1

[Event "Championnat de France - Open A"]
[Site "Pau"]
[Date "2008.08.13"]
[Round "2.23"]
[White "Bruneau, Francois"]
[Black "Frih, Ameur"]
[Result "1/2-1/2"]
[WhiteElo "2002"]
[BlackElo "2103"]
[PlyCount "66"]

1. e4 c6 2. d4 d5 3. Nc3 dxe4 4. Nxe4 Bf5 5. Ng3 Bg6 6. N1e2 e5 7. dxe5 Qa5+ 8.
c3 Qxe5 9. Qb3 Qc7 10. Bf4 Qb6 11. Be3 Qxb3 12. axb3 Nd7 13. b4 a6 14. Nf4 Ngf6
15. b5 cxb5 16. Bxb5 Rc8 17. Ba4 Bc5 18. Bxc5 Rxc5 19. O-O O-O 20. Rfe1 Nb6 21.
Nxg6 hxg6 22. Bc2 Rd8 23. Re7 Rd7 24. Rxd7 Nbxd7 25. h3 Kf8 26. Kf1 Nb6 27. Ne4
Nxe4 28. Bxe4 Rc7 29. Rd1 Ke7 30. Rd4 Nc8 31. Ke2 Nd6 32. Bd5 b5 33. Rd3 a5
1/2-1/2

[Event "Championnat de France - Open A"]
[Site "Pau"]
[Date "2008.08.13"]
[Round "2.24"]
[White "Veron, Cyprien"]
[Black "Jouneau, Quentin"]
[Result "1/2-1/2"]
[WhiteElo "2098"]
[BlackElo "1978"]
[PlyCount "57"]

1. Nf3 Nf6 2. c4 c6 3. d4 d5 4. Nc3 dxc4 5. a4 Bf5 6. e3 e6 7. Bxc4 Bb4 8. O-O
O-O 9. Nh4 Bg6 10. Nxg6 hxg6 11. Qb3 Qe7 12. a5 c5 13. a6 Nxa6 14. Bxa6 bxa6
15. Rxa6 cxd4 16. exd4 Rfd8 17. Be3 Nd5 18. Nxd5 Rxd5 19. Rfa1 Bd6 20. Qa4 Qb7
21. Rxa7 Rxa7 22. Qxa7 Qxa7 23. Rxa7 Rb5 24. Ra8+ Kh7 25. Ra2 e5 26. g3 Rb4 27.
dxe5 Bxe5 28. Ra7 f5 29. Kg2 1/2-1/2

[Event "Championnat de France - Open A"]
[Site "Pau"]
[Date "2008.08.13"]
[Round "2.25"]
[White "Lallement, Victor"]
[Black "Dubocage, Claude"]
[Result "1/2-1/2"]
[WhiteElo "2097"]
[BlackElo "1970"]
[PlyCount "64"]

1. e4 g6 2. d4 Bg7 3. Nc3 d6 4. Bc4 Nf6 5. Qe2 c6 6. Bb3 O-O 7. Nf3 h6 8. O-O
Bg4 9. h3 Bxf3 10. Qxf3 Nbd7 11. Be3 e5 12. Rad1 Qe7 13. Qg3 Kh7 14. Qh4 Rae8
15. dxe5 dxe5 16. Bg5 Nc5 17. Kh1 Ne6 18. Bxe6 Qxe6 19. Be3 b6 20. g4 h5 21. g5
Ng8 22. Qg3 f5 23. gxf6 Rxf6 24. Bg5 Rf7 25. Rd3 Ref8 26. f3 Rd7 27. Rfd1 Rff7
28. Kg2 Rxd3 29. Rxd3 Rd7 30. Qf2 Rxd3 31. cxd3 Ne7 32. b3 Bf6 1/2-1/2

[Event "Championnat de France - Open A"]
[Site "Pau"]
[Date "2008.08.13"]
[Round "2.27"]
[White "Billon, Olivier"]
[Black "Fievet, Patrick"]
[Result "0-1"]
[WhiteElo "1999"]
[BlackElo "2091"]
[PlyCount "80"]

1. e4 e6 2. d4 d5 3. Nc3 dxe4 4. Nxe4 Nd7 5. Bd3 Ngf6 6. Qe2 Be7 7. Nf3 O-O 8.
Bg5 c5 9. dxc5 Nxc5 10. Nxc5 Qa5+ 11. Bd2 Qxc5 12. O-O-O Bd7 13. Ne5 Bc6 14. h4
Rac8 15. Nxc6 Qxc6 16. g4 Rfd8 17. Kb1 Nd7 18. c3 Nc5 19. Bc2 b5 20. g5 Na4 21.
h5 b4 22. Be4 Qb6 23. c4 Rxd2 24. Rxd2 Nc3+ 25. bxc3 bxc3+ 26. Rb2 Qxb2+ 27.
Qxb2 cxb2 28. Kxb2 Rxc4 29. Bd3 Rf4 30. Rc1 Rxf2+ 31. Kb3 g6 32. Rc8+ Bf8 33.
h6 Rg2 34. Ra8 Rxg5 35. Rxa7 Rh5 36. Ra8 Rxh6 37. a4 Kg7 38. Kc4 Rh1 39. a5 Ra1
40. a6 Bd6 0-1

[Event "Championnat de France - Open A"]
[Site "Pau"]
[Date "2008.08.13"]
[Round "2.28"]
[White "Charpentier, Denis"]
[Black "Duchateau, Thomas"]
[Result "1/2-1/2"]
[WhiteElo "1974"]
[BlackElo "2088"]
[PlyCount "68"]

1. e4 c5 2. Nf3 d6 3. Bb5+ Bd7 4. Bxd7+ Qxd7 5. O-O Nf6 6. Re1 Nc6 7. c3 e6 8.
d4 cxd4 9. cxd4 d5 10. e5 Ne4 11. Nbd2 Nxd2 12. Bxd2 Be7 13. Rc1 O-O 14. Bg5
Rfc8 15. Bxe7 Nxe7 16. Qd3 Rxc1 17. Rxc1 Rc8 18. Rxc8+ Qxc8 19. Qc3 Qxc3 20.
bxc3 Kf8 21. Kf1 Nc6 22. Ke2 Ke7 23. Nd2 Na5 24. Kd3 Kd7 25. f4 h5 26. h3 g6
27. g4 hxg4 28. hxg4 b5 29. Nf3 Nc4 30. Ng5 Ke7 31. Nh7 Nb2+ 32. Kc2 Nc4 33.
Kd3 Nb2+ 34. Kc2 Nc4 1/2-1/2

[Event "Championnat de France - Open A"]
[Site "Pau"]
[Date "2008.08.13"]
[Round "2.29"]
[White "Carrasco, Patrick"]
[Black "Brih, Touatia"]
[Result "1-0"]
[WhiteElo "2087"]
[BlackElo "1934"]
[PlyCount "51"]

1. e4 d6 2. d4 Nf6 3. Nc3 Nbd7 4. Nf3 e5 5. Bc4 Be7 6. O-O O-O 7. Re1 c6 8. a4
b6 9. b3 Bb7 10. Bb2 a6 11. Qd2 b5 12. axb5 axb5 13. Rxa8 Bxa8 14. Bd3 Qb6 15.
Nd1 exd4 16. Nxd4 Ne5 17. Nf5 Re8 18. Qg5 Ng6 19. Nxg7 Kxg7 20. Ne3 Kg8 21.
Bxf6 Bxf6 22. Qxf6 Re6 23. Qg5 c5 24. Nf5 Qa5 25. Kf1 Kh8 26. Qh6 1-0

[Event "Championnat de France - Open A"]
[Site "Pau"]
[Date "2008.08.13"]
[Round "2.30"]
[White "Kharmoudi, Slimane"]
[Black "Neri, Jean-Baptiste"]
[Result "1-0"]
[WhiteElo "2087"]
[BlackElo "1928"]
[PlyCount "95"]

1. e4 c5 2. Nf3 d6 3. d4 cxd4 4. Nxd4 Nf6 5. Nc3 a6 6. Be2 e5 7. Nb3 Be7 8. Be3
O-O 9. O-O b5 10. f4 Bb7 11. Bf3 Nbd7 12. Nd5 Bxd5 13. exd5 e4 14. Be2 Nb6 15.
Bxb6 Qxb6+ 16. Kh1 Rac8 17. Rc1 a5 18. Nd4 b4 19. Nf5 Rfe8 20. Qd2 Bf8 21. Ne3
Be7 22. c3 bxc3 23. Rxc3 Rxc3 24. Qxc3 Qb7 25. Rd1 Rc8 26. Bc4 Bd8 27. b3 Bb6
28. h3 Qa7 29. Nf5 Qd7 30. g4 h5 31. Rd2 Ne8 32. Rg2 g6 33. Nh6+ Kh7 34. gxh5
Ng7 35. Nxf7 Nxh5 36. Ng5+ Kh6 37. Ne6 e3 38. Qd3 Qf7 39. Rg4 Qf5 40. Qxf5 gxf5
41. Rg2 a4 42. Bd3 e2 43. Bxe2 axb3 44. axb3 Rc3 45. Kh2 Be3 46. Bxh5 Kxh5 47.
Ng7+ Kh6 48. Nxf5+ 1-0

[Event "Championnat de France - Open A"]
[Site "Pau"]
[Date "2008.08.13"]
[Round "2.31"]
[White "Platel, Alexandre"]
[Black "Baudson, Charles"]
[Result "1-0"]
[WhiteElo "2190"]
[BlackElo "2041"]
[PlyCount "177"]

1. e4 e6 2. d4 d5 3. Nc3 Bb4 4. Nge2 dxe4 5. a3 Be7 6. Nxe4 Nf6 7. N2c3 O-O 8.
Be3 Nbd7 9. Bd3 b6 10. Qf3 Rb8 11. Qh3 Nxe4 12. Nxe4 g6 13. Qh6 Nf6 14. Ng5 Re8
15. O-O-O b5 16. d5 e5 17. f4 Bf8 18. Qh4 h6 19. Ne4 Nxd5 20. Qxd8 Rxd8 21. Bc4
bxc4 22. Rxd5 Rxd5 23. Nf6+ Kg7 24. Nxd5 c6 25. Nc3 exf4 26. Bxa7 Rb7 27. Bd4+
Kh7 28. Ne4 g5 29. h4 Bf5 30. Nf6+ Kg6 31. hxg5 hxg5 32. Rh8 Bg7 33. Rg8 Kh6
34. Rd8 Bxf6 35. Bxf6 Kg6 36. Bc3 Be4 37. Rd2 Bd5 38. a4 f5 39. a5 Rh7 40. Rf2
Rh2 41. Bd4 Rxg2 42. Rxg2 Bxg2 43. Bc5 f3 44. Bf2 g4 45. a6 g3 46. Bxg3 f2 47.
Bxf2 c5 48. Kd2 Kf6 49. Kc3 Bd5 50. Bxc5 Ke6 51. a7 Kd7 52. Be3 Kc7 53. Kd4 Be4
54. Kxc4 Kb7 55. c3 f4 56. Bf2 f3 57. Kb5 Bc6+ 58. Kc5 Be8 59. Kd6 Ka8 60. Kc7
Bf7 61. b4 Bc4 62. Kb6 Bd3 63. Kc6 Be4+ 64. Kb6 Bd3 65. Be3 f2 66. Bxf2 Bc2 67.
Bg3 Bd3 68. Bb8 Be2 69. Bf4 Bd3 70. Bb8 Be2 71. Kc5 Bf1 72. c4 Be2 73. Kd5 Bf3+
74. Kd6 Bc6 75. Bc7 Bb7 76. Bb6 Bc8 77. b5 Ba6 78. Bf2 Bb7 79. Be3 Bf3 80. c5
Bg2 81. Bd2 Bf1 82. Kc6 Bg2+ 83. Kc7 Bf1 84. Kb6 Bh3 85. c6 Bg4 86. Kc7 Bf3 87.
Ba5 Bg2 88. Kd8 Bh3 89. c7 1-0

[Event "Championnat de France - Open A"]
[Site "Pau"]
[Date "2008.08.13"]
[Round "2.33"]
[White "Loiseau, Quentin"]
[Black "Rodier, David"]
[Result "1-0"]
[WhiteElo "2028"]
[BlackElo "2162"]
[PlyCount "71"]

1. Nf3 d5 2. d4 Nf6 3. c4 c6 4. Nc3 dxc4 5. e4 b5 6. e5 Nd5 7. a4 Nxc3 8. bxc3
e6 9. Ng5 Be7 10. Qh5 Bxg5 11. Bxg5 Qc7 12. Be2 Nd7 13. O-O h6 14. Bc1 Nb6 15.
axb5 cxb5 16. Ba3 Nd5 17. Bd6 Qd8 18. f4 Nxc3 19. Bf3 g6 20. Bc6+ Bd7 21. Qf3
Nd5 22. Bxd5 exd5 23. Qxd5 Qc8 24. e6 fxe6 25. Qe5 Kf7 26. g4 Qd8 27. g5 b4 28.
h4 b3 29. Rf2 Kg8 30. h5 Qe8 31. Qf6 Kh7 32. Rh2 Rg8 33. hxg6+ Rxg6 34. Rxh6+
Rxh6 35. Qxh6+ Kg8 36. g6 1-0

[Event "Championnat de France - Open A"]
[Site "Pau"]
[Date "2008.08.13"]
[Round "2.34"]
[White "Prodhomme, Boris"]
[Black "Fevre, Mathieu"]
[Result "0-1"]
[WhiteElo "2151"]
[BlackElo "2032"]
[PlyCount "92"]

1. d4 Nf6 2. c4 g6 3. Nc3 Bg7 4. Nf3 O-O 5. g3 d6 6. Bg2 c6 7. e4 Nbd7 8. O-O
e5 9. Re1 Qc7 10. h3 Re8 11. Be3 exd4 12. Nxd4 a5 13. Qc2 Nc5 14. b3 Nfd7 15.
Rad1 Nf8 16. f4 Nfe6 17. Qf2 f5 18. Nxe6 Nxe6 19. Na4 fxe4 20. Nb6 Rb8 21. Nxc8
Rbxc8 22. Bxe4 Bc3 23. Re2 Ng7 24. Bd4 Bb4 25. Kg2 Re7 26. Bf3 Rce8 27. Bb6
Rxe2 28. Bxc7 Rxf2+ 29. Kxf2 Bc5+ 30. Kg2 Nf5 31. Rc1 b6 32. Bxc6 Re2+ 33. Kf3
Nd4+ 34. Kg4 Nxc6 35. Rd1 Re6 36. f5 gxf5+ 37. Kxf5 Kf7 38. g4 Ke7 39. Kg5 Kd7
40. Rf1 Kxc7 41. Rf7+ Re7 42. Rxe7+ Nxe7 43. Kh6 Kd7 44. Kxh7 Ke6 45. h4 Bf2
46. h5 Kf6 0-1

[Event "Championnat de France - Open A"]
[Site "Pau"]
[Date "2008.08.13"]
[Round "2.35"]
[White "Debray, Tristan"]
[Black "Coustance, Kevin"]
[Result "1/2-1/2"]
[WhiteElo "2145"]
[BlackElo "2034"]
[PlyCount "70"]

1. e4 c5 2. Nc3 Nc6 3. g3 g6 4. Bg2 Bg7 5. d3 d6 6. Be3 e5 7. Qd2 Nge7 8. f4
Be6 9. Nf3 Nd4 10. O-O O-O 11. fxe5 dxe5 12. Ng5 Bd7 13. Nd5 Nxd5 14. exd5 Bh6
15. Ne4 Bxe3+ 16. Qxe3 f5 17. Nxc5 Nxc2 18. Qxe5 Nxa1 19. Rxa1 Qb6 20. d6 Bc6
21. Bd5+ Bxd5 22. Qxd5+ Kg7 23. d4 Qxb2 24. Re1 Rfe8 25. Re7+ Kh6 26. Qe5 Qc1+
27. Kg2 Qd2+ 28. Kf1 Qd1+ 29. Kf2 Qd2+ 30. Kf3 Qd1+ 31. Kg2 Qd2+ 32. Kh3 Rxe7
33. dxe7 Qf2 34. Qf6 Qe2 35. Ne6 Qg4+ 1/2-1/2

[Event "Championnat de France - Open A"]
[Site "Pau"]
[Date "2008.08.13"]
[Round "2.36"]
[White "Garro, Pierre"]
[Black "Menneveux, Jerome"]
[Result "1-0"]
[WhiteElo "2140"]
[BlackElo "2027"]
[PlyCount "39"]

1. e4 e5 2. Bc4 Nc6 3. Nf3 Nf6 4. Ng5 d5 5. exd5 Nxd5 6. Nxf7 Kxf7 7. Qf3+ Ke6
8. Nc3 Nce7 9. O-O c6 10. d4 Ng6 11. dxe5 Be7 12. Rd1 Nxe5 13. Qe4 Kf6 14. Bxd5
cxd5 15. Nxd5+ Kf7 16. Qxe5 Bf6 17. Qh5+ g6 18. Qf3 Be6 19. Bg5 Bxd5 20. Rxd5
1-0